Nagarathile sambarkalangal/ (Record no. 141663)

000 -LEADER
fixed length control field 00469nam a22001577a 4500
020 ## - INTERNATIONAL STANDARD BOOK NUMBER
International Standard Book Number 978000019547
082 ## - DEWEY DECIMAL CLASSIFICATION NUMBER
Classification number M301
Item number SRE/N
100 ## - MAIN ENTRY--PERSONAL NAME
Personal name Sreekantan Karikkakom
9 (RLIN) 154851
245 ## - TITLE STATEMENT
Title Nagarathile sambarkalangal/
Statement of responsibility, etc. by Sreekantan Karikkakom
260 ## - PUBLICATION, DISTRIBUTION, ETC.
Place of publication, distribution, etc. Kottayam:
Name of publisher, distributor, etc. Sahithay Pravarthaka Co-operative Society,
Date of publication, distribution, etc. 2013.
300 ## - PHYSICAL DESCRIPTION
Extent 96p.
650 ## - SUBJECT ADDED ENTRY--TOPICAL TERM
Topical term or geographic name entry element Stories Malayalam
9 (RLIN) 154852
650 ## - SUBJECT ADDED ENTRY--TOPICAL TERM
Topical term or geographic name entry element Literature Malayalam
9 (RLIN) 154853
650 ## - SUBJECT ADDED ENTRY--TOPICAL TERM
Topical term or geographic name entry element Literature
9 (RLIN) 154854
942 ## - ADDED ENTRY ELEMENTS (KOHA)
Koha item type Book
Holdings
Withdrawn status Lost status Damaged status Not for loan Permanent Location Current Location Shelving location Date acquired Cost, normal purchase price Total Checkouts Full call number Barcode Date last seen Price effective from Koha item type
        Sree Sankaracharya University of Sanskrit Sree Sankaracharya University of Sanskrit Stacks 27.04.2019 70.00   M301 SRE/N 095020 27.04.2019 27.04.2019 Book